| 000 | 00401nam a22001337a 4500 | ||
|---|---|---|---|
| 020 | _qPB. | ||
| 040 | _cFIZZA ISHAQ | ||
| 082 |
_a941.082 _bTHO |
||
| 100 |
_aThomson , David. _9105432 |
||
| 245 |
_aEngland in the twentieth century, 1914-63 (The Pelican history of England) / _c David Thomson. |
||
| 260 |
_aNew York: _bPenguin Books, _c1965. |
||
| 300 |
_a304 P. ; _c7 x 1 x 5 inches |
||
| 942 |
_2ddc _cBK |
||
| 999 |
_c616964 _d616964 |
||